Xavier Dupont de Ligonnès - Quiz - Statistiques

Statistiques générales
  • Ce quiz a été pris 69 fois
  • Le résultat moyen est 7 sur 16
Statistiques - réponses
Hint Réponse % Correct
En quelle année a-t-il totalement disparu ? En 2011
89%
Dans quelle grande ville française habitait Xavier Dupont de Ligonnès au moment de l'affaire qui porte son nom ? Nantes
88%
Où ont été retrouvés ses enfants et sa femme après leur mort ? Sous la terrasse
80%
Dans quel département se situe la commune de Roquebrune-sur-Argens où il a été aperçu pour la dernière fois ? Dans le Var
55%
Dans l'aéroport de quelle grande ville européenne a-t-on annoncé avoir arrêté Xavier Dupont de Ligonnès le 11 octobre 2019, information relayée par de nombreux médias en France ? Glasgow
48%
Quelle est la race des 2 chiens retrouvés au même endroit que sa femme et ses enfants ? Labrador
41%
Quelle est la marque de la voiture à bord de laquelle il a fui ? Citröen C5
38%
Quel influenceur a affirmé avoir retrouvé Xavier Dupont de Ligonnès en 2025, avec l'aide de sa communauté ? Aqababe
34%
Dans quel pays devait se rendre sa femme Agnès, selon le message reçu par l'employeur de celle-ci ? En Australie
33%
Quel acteur, ancien membre de la troupe du Splendid, réalise et joue dans ce film ? Gérard Jugnot
33%
Qu'a posté le compte Twitter @XDdeLigonnes au moment de cette prétendue arrestation ? Re.
33%
Dans quel pays résiderait-il selon cet influenceur, à la suite de son enquête ? Au Japon
28%
Dans quelle ville est-il né et a-t-il grandi ? À Versailles
27%
Comment sont les pistolets dans le titre d'un film de 2024 de jean-Chrisophe Meurisse, qui s'inspire de l'affaire Dupont de Ligonnès ? Les Pistolets en {Plastique}
19%
Dans quel département se situe la ville d'Annonay, d'où est originaire sa famille ? Ardèche
17%
Quel film inspiré de cette fausse arrestation sort en 2026 au cinéma ? Mauvaise pioche
0%
Aucun quiz correspondant
Distribution des résultats
% des personnes avec chaque résultat
Percentile par nombre de réponses
Votre historique - résultats
Vous n’avez pas pris ce quiz